01285naa a22003017a 4500001001000000003000900010005001700019007000300036008003400039040005400073041000900127072002000136090001800156100001800174100001800192111009000210245010900300260004200409500013600451650000900587650000900596650002700605773013300632909003600765942001400801999001900815952014900834BR9605520BR-BrBNA20240918181659.0ta230509b bl.||||| |||| 00| 0 por d aBR-BrBNAbporcBiblioteca Nacional de Agricultura a(Pt) aF02b2120b3530 aF02 BR96055201 aPaulino, A.J.1 aPaulini, A.E.1 a12. Congresso Brasileiro de Pesquisas CafeeirascCaxambu, MG (Brazil)d28-31 Oct 19851 aObservacoes preliminares sobre epocas de enraizamento na formacao de mudas de conilon atraves de estacas3 aRio de Janeiro, RJ (Brasil): c1985.  a12. Congresso Brasileiro de Pesquisas Cafeeiras. Trabalhos apresentados Rio de Janeiro, RJ (Brasil): 1985. p. 92 (BR9605520-AM)F02  aCafe aMuda aEnraizamento de Estaca0 t12. Congresso Brasileiro de Pesquisas Cafeeiras. Trabalhos apresentadoswF02 BR9605520gRio de Janeiro, RJ (Brasil), 1985. p. 92 a202404bLuciac55dLucia Elande cAM2AGRIS c326395d326395 002AGRIS40708Acervo Gerala41918b41918cAgrobasel0o2120 BR9605614r2024-05-20t01yAM10d2024-04-11ePortaria Interministerial nÂș 164/94